Spirerose Ltd (In administration) v Transport for London (Record no. 80771)

MARC details
000 -LEADER
fixed length control field 03038cab a22004335a 4500
001 - CONTROL NUMBER
control field L145303
008 - FIXED-LENGTH DATA ELEMENTS--GENERAL INFORMATION
fixed length control field 080924e20071116xxk f v 000 0 eng d
035 ## - SYSTEM CONTROL NUMBER
System control number (Sirsi) u145303
041 0# - LANGUAGE CODE
Language code of text/sound track or separate title eng
245 00 - TITLE STATEMENT
Title Spirerose Ltd (In administration) v Transport for London
Medium [electronic resource]
260 ## - PUBLICATION, DISTRIBUTION, ETC.
Date of publication, distribution, etc. 2008
520 ## - SUMMARY, ETC.
Summary, etc. [2007] EWLands ACQ_41_2005, 16 November 2007.The court had to determine the amount of compensation payable to the claimant property owner (S) by the defendant (T) for the compulsory purchase of industrial premises under the London Underground (East London Line Extension) Order 1997. Located in a mixed-use area, S sought compensation based on the development value of the land, because planning permission could reasonably have been expected. T countered that in the absence of actual planning permission, the correct approach would be to base valuation on hope value. Held: compensation assessed. The amount of compensation payable for mixed-use development based on an assumption that planning permission would have been granted in the no-scheme world, even though no such assumption fell to be made under the Land Compensation Act 1961. Pointe Gourde Quarrying and Transport Co v Sub-Intendent of Crown Lands, Melwood Units Pty v Commissioner of Main Roads and Jelson Ltd v Blaby DC applied. Lacking evidence of comparable properties, the tribunal used residual valuation.
590 ## - LOCAL NOTE (RLIN)
Local note KA
650 24 - SUBJECT ADDED ENTRY--TOPICAL TERM
Topical term or geographic name entry element SPIREROSE LTD (IN ADMINISTRATION) V TRANSPORT FOR LONDON
650 24 - SUBJECT ADDED ENTRY--TOPICAL TERM
Topical term or geographic name entry element FLETCHER ESTATES (HARLESCOTT) LTD V SECRETARY OF STATE FOR THE ENVIRONMENT MELWOOD UNIT PTY LTD V COMMISSIONER OF MAIN ROADS
650 24 - SUBJECT ADDED ENTRY--TOPICAL TERM
Topical term or geographic name entry element JELSON LTD V BLABY DC
650 24 - SUBJECT ADDED ENTRY--TOPICAL TERM
Topical term or geographic name entry element PURFLEET FARMS LTD V SOS ENVIRONMENT
650 24 - SUBJECT ADDED ENTRY--TOPICAL TERM
Topical term or geographic name entry element POINTE GOURDE QUARRYING AND TRANSPORT CO LTD V CROWN LANDS SUPERINTENDENT
650 24 - SUBJECT ADDED ENTRY--TOPICAL TERM
Topical term or geographic name entry element WATERS V WELSH DEVELOPMENT AUTHORITY
650 24 - SUBJECT ADDED ENTRY--TOPICAL TERM
Topical term or geographic name entry element JELSON LTD V MINISTER OF HOUSING AND LOCAL GOVERNMENT
650 24 - SUBJECT ADDED ENTRY--TOPICAL TERM
Topical term or geographic name entry element WILLIAMSON V CAMBRIDGESHIRE COUNTY COUNCIL
650 24 - SUBJECT ADDED ENTRY--TOPICAL TERM
Topical term or geographic name entry element PENTREHOBYN TRUSTEES V NATIONAL ASSEMBLY FOR WALES
650 24 - SUBJECT ADDED ENTRY--TOPICAL TERM
Topical term or geographic name entry element STAYLEY DEVELOPMENTS LTD V SECRETARY OF STATE
650 24 - SUBJECT ADDED ENTRY--TOPICAL TERM
Topical term or geographic name entry element HORN V SUNDERLAND CORPORATION
650 24 - SUBJECT ADDED ENTRY--TOPICAL TERM
Topical term or geographic name entry element DIRECTOR OF PUBLIC BUILDINGS AND LAND V SHUN FUNG LTD
650 24 - SUBJECT ADDED ENTRY--TOPICAL TERM
Topical term or geographic name entry element PORTER V SECRETARY OF STATE FOR TRANSPORT
650 24 - SUBJECT ADDED ENTRY--TOPICAL TERM
Topical term or geographic name entry element MARGATE CORPN V DEVOTWILL INVESTMENTS LTD
650 24 - SUBJECT ADDED ENTRY--TOPICAL TERM
Topical term or geographic name entry element DAVIES V TAYLOR
650 24 - SUBJECT ADDED ENTRY--TOPICAL TERM
Topical term or geographic name entry element MYERS V MILTON KEYNES DEVELOPMENT CORPN
650 24 - SUBJECT ADDED ENTRY--TOPICAL TERM
Topical term or geographic name entry element ROBERTS V SOUTH GLOUCESTERSHIRE DISTRICT COUNCIL
650 24 - SUBJECT ADDED ENTRY--TOPICAL TERM
Topical term or geographic name entry element THOMAS'S EXECUTORS V MERTHYR TYDFIL BC
650 24 - SUBJECT ADDED ENTRY--TOPICAL TERM
Topical term or geographic name entry element RMC (UK) LTD V LONDON BOROUGH OF GREENWICH
650 24 - SUBJECT ADDED ENTRY--TOPICAL TERM
Topical term or geographic name entry element ESSEX COUNTY SHOWGROUND GROUP V ESSEX COUNTY COUNCIL
650 24 - SUBJECT ADDED ENTRY--TOPICAL TERM
Topical term or geographic name entry element SNOOK & ORS V SOMERSET COUNTY COUNCIL
651 #4 - SUBJECT ADDED ENTRY--GEOGRAPHIC NAME
Geographic name England and Wales
Chronological subdivision 1543-
690 ## - LOCAL SUBJECT ADDED ENTRY--TOPICAL TERM (OCLC, RLIN)
Topical term or geographic name as entry element ENVIRONMENTAL AND LAND CONSULTANCY-PLANNING AND DEVELOPMENT-COMPULSORY PURCHASE AND COMPENSATION
856 40 - ELECTRONIC LOCATION AND ACCESS
Uniform Resource Identifier <a href="https://www.bailii.org/ew/cases/EWLands/2007/ACQ_41_2005.html">https://www.bailii.org/ew/cases/EWLands/2007/ACQ_41_2005.html</a>
Public note View the case free of charge at www.bailii.org...
942 ## - ADDED ENTRY ELEMENTS (KOHA)
Suppress in OPAC 0
Holdings
Withdrawn status Lost status Source of classification or shelving scheme Damaged status Not for loan Home library Current library Shelving location Date acquired Total Checkouts Full call number Barcode Date last seen Copy number Price effective from Koha item type
    Dewey Decimal Classification     Virtual Virtual Online 24/09/2008   ONLINE PUBLICATION 145303-1001 06/08/2019 1 06/08/2019 Law report